000 01129nam a22003377a 4500
003 CHAP
005 20220329140557.0
008 971013s1989 r 00010 d
010 _a54210
011 _a55182
035 _a59334
040 _cCHAP
090 _aFolleto 14545
100 0 0 _aEscárcega López, Everardo.
_937486
245 _aDistrito Federal 1916-1986
260 _aMéxico, D. F. :
_bCentro de Estudios Históricos del Agrarismo en México,
_c1989
300 _a96 p.
_b; cuadrs.
490 _aCuadernos de información agraria
590 _aBATCH-UPD
_b10
_c20130110
_lUCH01
_h0752
590 _aBATCH-UPD
_b10
_c20130410
_lUCH01
_h0432
590 _aBATCH-UPD
_b10
_c20130914
_lUCH01
_h1332
590 _aCONVERSION
_b10
_c20130109
_lUCH01
_h1329
650 1 4 _aEjidos
_xMéxico (D.F.)
_936019
650 1 4 _aReforma agraria
_xHistoria.
_995552
650 1 4 _aReforma agraria
_xMéxico (D.F.)
_995573
650 1 4 _aTierras
_xTenencia
_xMéxico (D.F.)
_9113182
830 0 _aCuadernos de información agraria
_929786
901 _aBK
942 _cFOLL
949 _aFolleto 14545
_bBC
_cFOLL
_d-128292
_eTS1
_i59334
_si
999 _c54210
_d54210